|
|
|
|
| LEADER |
00000nam0a2200000 4500 |
| 001 |
105412 |
| 005 |
20231031114414.0 |
| 010 |
|
|
|a 5949550021
|
| 035 |
|
|
|a (RuTPU)RU\TPU\book\113757
|
| 090 |
|
|
|a 105412
|
| 100 |
|
|
|a 20061116d2004 m y0rusy50 ca
|
| 101 |
1 |
|
|a rus
|c eng
|
| 102 |
|
|
|a RU
|
| 105 |
|
|
|a y z 000ay
|
| 200 |
1 |
|
|a Серебряные стрелы
|e роман
|e пер. с англ.
|f Р. Сальваторе
|
| 210 |
|
|
|a Москва
|c Максима
|d 2004
|
| 215 |
|
|
|a 480 с.
|
| 225 |
1 |
|
|a Забытые королевства
|
| 330 |
|
|
|a Темный эльф Дзирт покидает подземную страну и вместе с дворфом Бренором, варваром Вульфгаром, хафлингом Реджисом пускается в трудный путь в Мифрил Халл — древний дом Бренора и его клана. Эта дорога станет настоящим испытанием мужества и верности для друзей из Долины Ледяного Ветра. Каждый день их подкарауливает смерть. И каждый день они оказываются сильнее. Но впереди их еще ждут огонь, вода и... серебряные стрелы.
|
| 610 |
1 |
|
|a американская литература
|
| 610 |
1 |
|
|a романы
|
| 610 |
1 |
|
|a фантастика
|
| 675 |
|
|
|a 82
|v 3
|
| 700 |
|
1 |
|a Сальваторе
|b Р.
|g Роберт
|
| 801 |
|
1 |
|a RU
|b 63413507
|c 20061116
|g PSBO
|
| 801 |
|
2 |
|a RU
|b 63413507
|c 20061205
|g PSBO
|
| 942 |
|
|
|c BK
|